Score 0/46 Timer 07:00
0 Plays Today
% Correct
heart
85.7%
meat
85.7%
chemicals
85.7%
time
85.7%
stealing
85.7%
comets
85.7%
computers
85.7%
cancer
71.4%
hands
71.4%
colors
71.4%
feces
71.4%
crystals|glass
71.4%
bicycles
71.4%
beautiful women
57.1%
clocks
57.1%
clowns
57.1%
dogs
57.1%
ugliness
42.9%
anger|cholera
42.9%
confined spaces
42.9%
extreme cold|ice|frost
42.9%
newness|novelty
28.6%
mirrors
28.6%
% Correct
thunder and lightning
28.6%
dancing
28.6%
money
28.6%
stairs|climbing
28.6%
going to bed
28.6%
stings
28.6%
constipation
28.6%
being ridiculed
14.3%
jumping from high and low places
14.3%
sitting
14.3%
hair
14.3%
cold
14.3%
snow
14.3%
being touched
14.3%
bats
14.3%
food
14.3%
being locked in a confined space
14.3%
new things|new ideas
0%
gaiety
0%
cemetaries
0%
chopsticks
0%
precipices
0%
waves|wave‐like motions
0%
Remove Ads.
Support Sporcle.
Get the best of Sporcle when you Go Orange. This ad-free experience offers more features, more stats, and more fun while also helping to support Sporcle. Thank you for becoming a member.

You're not logged in!

Compare scores with friends on all Sporcle quizzes.
OR
Log In

Sporcle TV

Today on Sporcle TV


Watch our educational content, quiz creation guides, and fun videos on Sporcle TV.

Show Comments

Extras

Created May 8, 2020ReportNominate
Tags:Letter Quiz, Letter C, phobia

Top Quizzes Today


Score Distribution

Paid Content

Your Account Isn't Verified!

In order to create a playlist on Sporcle, you need to verify the email address you used during registration. Go to your Sporcle Settings to finish the process.

Report this User

Report this user for behavior that violates our Community Guidelines.

Details: